|
|
|
|
| LEADER |
00000nab a2200000 4500 |
| 001 |
vtls011755552 |
| 003 |
SK-MaSNL |
| 005 |
20260318114431.0 |
| 008 |
180510c2017 xo sr|n || ||00 c0ukr |
| 015 |
|
|
|a SNBRB2018/05
|
| 038 |
|
|
|a SVKPOCL
|
| 040 |
|
|
|a SVKPOCL
|b slo
|c SVKPOCL
|e rda
|
| 041 |
0 |
|
|a ukr
|
| 043 |
|
|
|a e-xo---
|a e-pl---
|
| 044 |
|
|
|a xo
|c SK
|
| 072 |
|
7 |
|a 398
|x Folklór
|2 konspekt
|
| 080 |
|
|
|a (=161.2)
|2 2011
|
| 080 |
|
|
|a (=161.25)
|2 2011
|
| 080 |
|
|
|a (438)
|2 2011
|
| 080 |
|
|
|a (437.6)
|2 2011
|
| 080 |
|
|
|a 316.022.4(=161.2)(438):7.079
|2 2011
|
| 080 |
|
|
|a 7.079
|2 2011
|
| 080 |
|
|
|a 394(438):7.079
|2 2011
|
| 080 |
|
|
|a 398:394.2:7.079
|2 2011
|
| 100 |
1 |
|
|a Kreta, Igor,
|d 1951-
|4 aut
|9 976327
|
| 245 |
1 |
0 |
|a 26-te «Svjato nad Oslavoju» u Mokromu v Poľšči
|c Ihor Kreta.
|
| 246 |
3 |
0 |
|a Dvadcjaťšoste «Svjato nad Oslavoju» u Mokromu v Poľšči
|
| 300 |
|
|
|b Fotografie
|
| 336 |
|
|
|a text
|b txt
|2 rdacontent
|
| 337 |
|
|
|a bez média
|b n
|2 rdamedia
|
| 338 |
|
|
|a zväzok
|b nc
|2 rdacarrier
|
| 500 |
|
|
|a Święto Kultury Nad Osławą (Mokre, Poľsko) pozri Svjato kuľtury nad Oslavoju (Mokre, Poľsko)
|
| 500 |
|
|
|a Oslawiany (ansambľ pisni i tancju) pozri aj Oslavjany (folklórny súbor : Mokre, Poľsko)
|
| 500 |
|
|
|a V rubrike Dijaľnisť našoho Sojuzu
|
| 610 |
2 |
7 |
|a Karpaťanin (folklórny súbor)
|2 SNKKAcsnkv
|9 163787
|
| 610 |
2 |
7 |
|a Oslavjany (folklórny súbor : Mokre, Poľsko)
|2 svkpocl
|9 1603850
|
| 611 |
2 |
7 |
|a Svjato kuľtury nad Oslavoju
|n (26. :
|d 2017 :
|c Mokre, Poľsko)
|2 svkpocl
|9 1630286
|
| 648 |
|
7 |
|a 13.8.2017
|2 svkpocl
|9 1258199
|
| 648 |
|
7 |
|a 1972-2017
|2 svkpocl
|9 657577
|
| 650 |
0 |
7 |
|a folklórne slávnosti
|2 SNKPH
|9 74761
|
| 650 |
0 |
7 |
|a folklórne festivaly
|2 SNKPH
|9 29324
|
| 650 |
0 |
7 |
|a koncerty
|2 SNKPH
|9 19182
|
| 650 |
0 |
7 |
|a výročia a významné udalosti
|2 SNKPH
|9 16069
|
| 650 |
0 |
7 |
|a kultúra národnostných menšín
|2 svkpocl
|9 394278
|
| 650 |
0 |
7 |
|a Rusíni
|2 SNKPH
|9 4087
|
| 650 |
0 |
7 |
|a Ukrajinci
|2 SNKPH
|9 19025
|
| 650 |
0 |
7 |
|a Lemkovia
|2 SNKPH
|9 27189
|
| 650 |
0 |
7 |
|a folklórne súbory
|2 SNKPH
|9 28685
|
| 650 |
0 |
7 |
|a ľudové piesne
|2 SNKPH
|9 1941
|
| 651 |
|
7 |
|a Poľsko
|2 SNKPH
|9 16755
|
| 651 |
|
7 |
|a Slovensko
|2 SNKPH
|9 14231
|
| 651 |
|
7 |
|a Mokre (Poľsko)
|2 SNKPH
|9 59881
|
| 651 |
|
7 |
|a Prešov (Slovensko)
|2 SNKPHgeo
|9 17347
|
| 773 |
0 |
|
|t Nove žyttja
|g Roč. 67, č. 17 (2017), s. 2
|
| 852 |
|
|
|a SVKPO
|b KIS3GCP
|
| 958 |
|
|
|a RN
|
| 958 |
|
|
|a SK
|
| 958 |
|
|
|a SS
|
| 999 |
|
|
|c 3363955
|d 3365885
|